Haribo Jingle in Different Languages - Statistics

General Stats
  • This quiz has been taken 447 times
    440 since last reset
  • The average score is 9 of 10
Answer Stats
Jingle English translation Language % Correct
"Haribo, c'est beau la vie, pour les grands et les petits" Haribo, life is beautiful, for grownups and children French
100%
"Haribo macht Kinder froh, und Erwachsene ebenso" Haribo makes children happy, and adults as well German
100%
"Haribo è la bontà, che si gusta ad ogni età" Haribo is the goodness, that can be enjoyed at any age Italian
93%
"Детям, взрослым повезло, радость дарит харибо" Kids, adults are happy, Haribo gives joy Russian
93%
"Vive un sabor mágico, ven al mundo Haribo" Experience a magical taste, come to the world of Haribo Spanish
93%
"Haribo δίνει χαρά, σε μεγάλους και σε παιδιά" Haribo gives joy, to adults and children Greek
87%
"Haribo doces sabores, para os pequenos e os maiores" Haribo sweet flavours, for kids and adults Portuguese
82%
"Çocuk ya da büyük ol, Haribo'yla mutlu ol" Be a kid or a grownup, be happy with Haribo Turkish
79%
"Luk op for noget godt! Luk op for Haribo! Den er go" Open up for something good. Open up for Haribo. It is good Danish
74%
"Gyermek, felnőtt kedve jó, édes élet, Haribo" Children and adults are happy, sweet life, Haribo Hungarian
63%
No matching quizzes found
Score Distribution
Percent of People with Each Score
Percentile by Number Answered
Your Score History
You have not taken this quiz since the last reset